[Event "Tournoi Skype 029A"]
[Site "Skype"]
[Date "????.??.??"]
[Round "1.2"]
[White "Karia, Vijay"]
[Black "Blasco, Raul"]
[Result "1/2-1/2"]
[WhiteElo "1482"]
[BlackElo "1978"]
[PlyCount "61"]

1. e4 c6 2. d4 d5 3. exd5 cxd5 4. Bd3 Nc6 5. c3 g6 6. Nf3 Bg7 7. Bf4 Nh6 8. O-O
O-O 9. Nbd2 Nf5 10. Re1 Nd6 11. Ne5 Nxe5 12. Bxe5 Be6 13. Nf3 Nc4 14. Bxg7 Kxg7
15. Qe2 Bg4 16. Bxc4 dxc4 17. Qxe7 Bxf3 18. gxf3 Qb6 19. Qe2 Rfe8 20. Qxc4 Qxb2
21. Qb3 Qd2 22. Red1 Qg5+ 23. Kh1 Re7 24. d5 Rae8 25. c4 Re2 26. Qc3+ f6 27.
Rf1 Qf4 28. Kg2 Qg5+ 29. Kh1 Qf4 30. Kg2 Qg5+ 31. Kh1 1/2-1/2

[Event "Tournoi Skype 029A"]
[Site "Skype"]
[Date "????.??.??"]
[Round "1.3"]
[White "Hilton, Stephen"]
[Black "Mitrani, Alberto"]
[Result "1-0"]
[WhiteElo "1865"]
[BlackElo "1482"]
[PlyCount "131"]

1. d4 Nf6 2. c4 g6 3. Nc3 Bg7 4. e4 d6 5. Nf3 O-O 6. Be2 Nbd7 7. O-O c5 8. d5
Re8 9. h3 e5 10. dxe6 Rxe6 11. Ng5 Re8 12. Qxd6 Bf8 13. Qd1 a6 14. Bf4 Qb6 15.
Nd5 Nxd5 16. Qxd5 Qf6 17. Bc1 Re5 18. Qd2 h6 19. Nf3 Rxe4 20. Bd3 Re6 21. Rb1
Ne5 22. Nxe5 Rxe5 23. b3 Bf5 24. Bb2 Rd8 25. Bxe5 Qxe5 26. Qe2 Qxe2 27. Bxe2
Rd2 28. Rbe1 Rxa2 29. g4 Be4 30. f3 Bc6 31. Rf2 Rb2 32. Bd1 Rb1 33. Ref1 Bg7
34. Bc2 Rb2 35. Re2 Bd4+ 36. Kg2 Kg7 37. Rb1 Ra2 38. Bd3 Ra3 39. Be4 Bxe4 40.
Rxe4 Ra2+ 41. Kg3 g5 42. f4 Bf2+ 43. Kf3 gxf4 44. Kxf4 Bd4 45. b4 Rf2+ 46. Kg3
Rd2 47. bxc5 Rd3+ 48. Kf4 Bxc5 49. Rxb7 a5 50. Re8 Rxh3 51. Rc8 Bd6+ 52. Ke4
Rh4 53. Kf5 Rh2 54. c5 Rf2+ 55. Ke4 Bg3 56. Ke3 Rc2 57. c6 Rc4 58. c7 Bxc7 59.
Rcxc7 Rxg4 60. Rxf7+ Kg6 61. Rg7+ Kh5 62. Rb5+ Kh4 63. Rxg4+ Kxg4 64. Rxa5 h5
65. Kf2 h4 66. Kg2 1-0

[Event "Tournoi Skype 029A"]
[Site "Skype"]
[Date "????.??.??"]
[Round "1.5"]
[White "Silva, Rodrigo Souza"]
[Black "Vasquez Cienfuegos, Oscar"]
[Result "1/2-1/2"]
[WhiteElo "1814"]
[BlackElo "1470"]
[PlyCount "33"]

1. Nf3 Nf6 2. c4 d5 3. cxd5 Qxd5 4. Nc3 Qd8 5. g3 Bf5 6. Bg2 c6 7. O-O h6 8. d4
e6 9. Qb3 Qb6 10. Qxb6 axb6 11. Ne5 Nbd7 12. Nxd7 Nxd7 13. e4 Bh7 14. d5 cxd5
15. exd5 e5 16. Be3 Bc5 17. Nb5 1/2-1/2

[Event "Tournoi Skype 029A"]
[Site "Skype"]
[Date "????.??.??"]
[Round "1.6"]
[White "Galani, Mahendra"]
[Black "Deville, Olivier"]
[Result "0-1"]
[WhiteElo "1466"]
[BlackElo "1807"]
[PlyCount "48"]

1. d4 Nf6 2. Nc3 d5 3. Qd3 e6 4. a3 a6 5. e4 dxe4 6. Nxe4 Nbd7 7. Nf3 Be7 8.
Qc3 Nxe4 9. Qe3 Nef6 10. Be2 O-O 11. O-O b6 12. Rd1 Bb7 13. Ne5 Qc8 14. f3 c5
15. c3 cxd4 16. cxd4 Nxe5 17. Qxe5 Qd7 18. Qe3 Rac8 19. Qf2 Rc2 20. Rd2 Rfc8
21. Rxc2 Rxc2 22. Qe3 Nd5 23. Qd3 Qc7 24. Bd1 Rxc1 0-1

[Event "Tournoi Skype 029A"]
[Site "Skype"]
[Date "????.??.??"]
[Round "1.7"]
[White "Montalvo, Mario"]
[Black "Engstrom, Olle"]
[Result "1-0"]
[WhiteElo "1800"]
[BlackElo "1448"]
[PlyCount "43"]

1. Nf3 c5 2. c4 Nc6 3. Nc3 g6 4. e3 e5 5. d4 exd4 6. exd4 Qe7+ 7. Be2 cxd4 8.
Nxd4 Bg7 9. Ndb5 Bxc3+ 10. bxc3 Qe5 11. Ba3 Nge7 12. Bd6 Qf6 13. Nc7+ Kd8 14.
Nxa8 Qxc3+ 15. Kf1 Nf5 16. Rc1 Qf6 17. Bc7+ Ke7 18. Bf3 h5 19. Qd2 Ncd4 20.
Re1+ Kf8 21. Be5 Qc6 22. Bxc6 1-0

[Event "Tournoi Skype 029A"]
[Site "Skype"]
[Date "????.??.??"]
[Round "1.8"]
[White "Bagayatkar, Madan"]
[Black "Caputi, Giuliano"]
[Result "0-1"]
[WhiteElo "1443"]
[BlackElo "1782"]
[PlyCount "164"]

1. e4 c6 2. d4 d5 3. Nc3 dxe4 4. Nxe4 Nd7 5. Nf3 Ngf6 6. Ng3 e6 7. Bd3 Bd6 8.
O-O Qc7 9. Re1 O-O 10. c3 c5 11. Bg5 b6 12. Rc1 Bb7 13. Bxf6 Nxf6 14. Ne4 Nxe4
15. Bxe4 Bxe4 16. Rxe4 Rac8 17. Rh4 f6 18. Qd3 g6 19. Re1 Qf7 20. Qe4 Rfe8 21.
dxc5 Bxc5 22. Nd4 Bxd4 23. Qxd4 e5 24. Qa4 Red8 25. Rhe4 Rc5 26. f4 Rdd5 27.
Qb3 f5 28. c4 fxe4 29. cxd5 Qxd5 30. Qxd5+ Rxd5 31. Rxe4 Rd1+ 32. Kf2 exf4 33.
Re2 Kf7 34. Kf3 Rd4 35. g3 fxg3 36. hxg3 h5 37. Rc2 Ra4 38. a3 Kf6 39. Rc7 Kg5
40. Rd7 Ra5 41. Rd4 Rb5 42. Rd2 Rb3+ 43. Kg2 b5 44. Rd5+ Kh6 45. Rd2 a5 46. Re2
Kg5 47. Rd2 Kf5 48. Rd5+ Ke4 49. Rd2 a4 50. Rf2 g5 51. Rc2 Rd3 52. Kf2 Rf3+ 53.
Kg2 Rd3 54. Kf2 Rb3 55. Kg2 Kd4 56. Kf2 h4 57. gxh4 gxh4 58. Kg2 Rd3 59. Kh2
Rg3 60. Rc8 Rb3 61. Rc2 Kd3 62. Rf2 b4 63. axb4 Rxb4 64. Kh3 Re4 65. Rf8 Kc2
66. Rb8 Rc4 67. Rb7 Rd4 68. Rb8 Rd3+ 69. Kxh4 Rb3 70. Ra8 Rb4+ 71. Kg3 Kxb2 72.
Kf3 a3 73. Re8 a2 74. Re2+ Ka3 75. Re8 Ra4 76. Re3+ Kb2 77. Re2+ Kc3 78. Re3+
Kd2 79. Re2+ Kd1 80. Kf2 Rf4+ 81. Ke3 Re4+ 82. Kxe4 Kxe2 0-1

[Event "Tournoi Skype 029A"]
[Site "Skype"]
[Date "????.??.??"]
[Round "1.9"]
[White "Elias, Roberto"]
[Black "Ortiz, Vladimir"]
[Result "1-0"]
[WhiteElo "1782"]
[BlackElo "1443"]
[PlyCount "47"]

1. e4 d6 2. f4 Nd7 3. Nf3 b6 4. Bc4 e6 5. d4 Bb7 6. Nc3 g6 7. d5 exd5 8. Nxd5
Ngf6 9. Ng5 Nxd5 10. Bxd5 Nc5 11. Nxf7 Qe7 12. O-O Bg7 13. e5 Qxf7 14. Bxf7+
Kxf7 15. Be3 Ne6 16. f5 gxf5 17. Rxf5+ Ke7 18. exd6+ cxd6 19. Qh5 Bf6 20. Raf1
Rag8 21. g3 Rg6 22. Qxg6 hxg6 23. Rxf6 g5 24. Rf7+ 1-0

[Event "Tournoi Skype 029A"]
[Site "Skype"]
[Date "????.??.??"]
[Round "1.11"]
[White "Legueltel, Daniel"]
[Black "Zenini, Simone"]
[Result "1/2-1/2"]
[WhiteElo "1753"]
[BlackElo "1436"]
[PlyCount "41"]

1. d4 Nf6 2. c4 g6 3. Nc3 Bg7 4. e4 d6 5. Nf3 O-O 6. h3 e5 7. dxe5 dxe5 8. Qxd8
Rxd8 9. Bg5 Re8 10. O-O-O a5 11. Be2 h6 12. Be3 c6 13. g4 Nh7 14. Rdg1 Nd7 15.
Nh4 Ndf8 16. g5 hxg5 17. Bxg5 Nxg5 18. Rxg5 Ne6 19. Rg3 Bh6+ 20. Kb1 Kh7 21.
Nf3 1/2-1/2

[Event "Tournoi Skype 029A"]
[Site "Skype"]
[Date "????.??.??"]
[Round "1.12"]
[White "Sequeda Pimiento, Javier Ricardo"]
[Black "Mayor Martinez, Juan Jose"]
[Result "0-1"]
[WhiteElo "1419"]
[BlackElo "1749"]
[PlyCount "78"]

1. e4 c5 2. Nf3 e6 3. d4 cxd4 4. Nxd4 a6 5. Bc4 Nc6 6. O-O Qc7 7. Be3 Nf6 8.
Nc3 b5 9. Bb3 b4 10. Nxc6 dxc6 11. Ne2 Nxe4 12. Qd4 Nf6 13. Bf4 Qb7 14. Rad1
Bd7 15. c3 c5 16. Qd2 a5 17. cxb4 axb4 18. Bc4 Be7 19. Bd6 Ne4 20. Qf4 Bxd6 21.
Rxd6 Nxd6 22. Qxd6 Qc6 23. Qe5 O-O 24. Ng3 f6 25. Qe3 Kh8 26. f4 Rfe8 27. Bd3
Rad8 28. Be4 Qc7 29. Nh5 Re7 30. Qh3 e5 31. Qh4 exf4 32. Nxf4 Rxe4 33. Ng6+ Kg8
34. Qxe4 hxg6 35. Qxg6 Qe5 36. Qc2 Be6 37. Qc1 Bxa2 38. Re1 Qd4+ 39. Kh1 Bf7
0-1

[Event "Tournoi Skype 029A"]
[Site "Skype"]
[Date "????.??.??"]
[Round "1.13"]
[White "Septien, Valeriano"]
[Black "Gadow, Martin"]
[Result "1-0"]
[WhiteElo "1749"]
[BlackElo "1412"]
[PlyCount "66"]

1. e4 c5 2. d3 Nf6 3. g3 d6 4. Bg2 Nc6 5. f4 e6 6. Nf3 Be7 7. O-O Qc7 8. Nc3 a6
9. a4 O-O 10. Nh4 Rb8 11. f5 Nd4 12. Ne2 Bd7 13. c3 Nxe2+ 14. Qxe2 e5 15. Nf3
Bc6 16. Bg5 Qd8 17. h3 Nd7 18. h4 f6 19. Be3 d5 20. exd5 Bxd5 21. g4 Qe8 22.
Nd2 Bxg2 23. Qxg2 Qf7 24. Ne4 Qd5 25. Rfd1 Qc6 26. Nd2 Qxg2+ 27. Kxg2 Nb6 28.
Ne4 Rbc8 29. c4 Nd7 30. Nc3 Rc6 31. Nd5 Bd8 32. b4 cxb4 33. Nxb4 Re6 1-0

[Event "Tournoi Skype 029A"]
[Site "Skype"]
[Date "????.??.??"]
[Round "1.14"]
[White "Junqueira, Leonardo De Faria"]
[Black "Grosso, Raul"]
[Result "0-1"]
[WhiteElo "1408"]
[BlackElo "1746"]
[PlyCount "78"]

1. e4 c5 2. d4 cxd4 3. c3 d3 4. Bxd3 g6 5. Nf3 Bg7 6. O-O Nc6 7. Re1 d6 8. Bb5
Bd7 9. Bxc6 Bxc6 10. e5 dxe5 11. Qxd8+ Rxd8 12. Nbd2 f6 13. Nc4 Nh6 14. Be3 Nf5
15. Bxa7 Bxf3 16. gxf3 Nh4 17. Red1 Nxf3+ 18. Kg2 Nh4+ 19. Kh3 Nf5 20. Rxd8+
Kxd8 21. Rd1+ Nd6 22. Nxd6 exd6 23. Rxd6+ Kc7 24. Rd1 b6 25. a3 Ra8 26. Bxb6+
Kxb6 27. Rd7 Ra7 28. Rxa7 Kxa7 29. Kg2 Kb6 30. Kf3 Kb5 31. b3 f5 32. Ke2 e4 33.
c4+ Kc5 34. f3 exf3+ 35. Kxf3 Bb2 36. Ke2 Kd4 37. a4 Bc3 38. c5 Kxc5 39. Kd3
Be5 0-1

[Event "Tournoi Skype 029A"]
[Site "Skype"]
[Date "????.??.??"]
[Round "1.15"]
[White "Rapaire, Jean-Michel"]
[Black "Davis, Michael"]
[Result "1-0"]
[WhiteElo "1739"]
[BlackElo "1405"]
[PlyCount "69"]

1. e4 e5 2. Nf3 Nc6 3. Bb5 d6 4. d4 a6 5. Bxc6+ bxc6 6. dxe5 d5 7. exd5 cxd5 8.
O-O Bb4 9. Bd2 a5 10. a3 Bc5 11. h3 Ne7 12. Nc3 c6 13. Na4 Ba7 14. Re1 O-O 15.
Be3 Bxe3 16. Rxe3 Nf5 17. Rc3 Qc7 18. Qxd5 cxd5 19. Rxc7 Be6 20. Rd1 Rfd8 21.
Nd4 Nxd4 22. Rxd4 Bf5 23. c3 Bc2 24. Nc5 Rab8 25. b4 a4 26. Rd2 Bb3 27. Nxb3
axb3 28. Rb2 d4 29. cxd4 Rxd4 30. Rxb3 Rd1+ 31. Kh2 Rd2 32. Kg3 Rbd8 33. Rf3
R2d7 34. Rxd7 Rxd7 35. Rc3 1-0

[Event "Tournoi Skype 029A"]
[Site "Skype"]
[Date "????.??.??"]
[Round "1.16"]
[White "Aceituno, Stebe"]
[Black "Lopez, Jose Luis"]
[Result "0-1"]
[WhiteElo "1400"]
[BlackElo "1730"]
[PlyCount "64"]

1. e4 d5 2. exd5 Qxd5 3. Nc3 Qa5 4. d4 Nf6 5. Bd2 c6 6. Ne4 Qc7 7. Nxf6+ gxf6
8. Nf3 Bg4 9. Be2 e6 10. h3 Bh5 11. Nh2 Bxe2 12. Qxe2 Nd7 13. Qf3 O-O-O 14. O-O
Bd6 15. Ng4 f5 16. Nh6 Nb6 17. b3 Nd5 18. c4 Bf4 19. Bxf4 Nxf4 20. Rad1 Rd7 21.
d5 exd5 22. cxd5 Rxd5 23. Rxd5 cxd5 24. Nxf5 Kb8 25. Nd4 Rg8 26. g4 h5 27. Nb5
Qe5 28. Kh1 hxg4 29. Qg3 Rh8 30. h4 Qg5 31. Nd6 Rxh4+ 32. Kg1 Ne2+ 0-1

[Event "Tournoi Skype 029A"]
[Site "Skype"]
[Date "????.??.??"]
[Round "1.17"]
[White "Sanchez Ruiz, Piedad Esmeralda"]
[Black "Couto, Januario"]
[Result "1-0"]
[WhiteElo "1706"]
[BlackElo "1387"]
[PlyCount "29"]

1. e4 d5 2. exd5 Qxd5 3. Nf3 c6 4. d4 Nf6 5. Be2 Bg4 6. h3 Bh5 7. O-O e6 8. c4
Qd6 9. b3 Nbd7 10. Bb2 Be7 11. Nbd2 O-O 12. Ne5 Bxe2 13. Qxe2 Rfe8 14. Ndf3
Nxe5 15. dxe5 1-0

[Event "Tournoi Skype 029A"]
[Site "Skype"]
[Date "????.??.??"]
[Round "1.18"]
[White "Ramirez Reina, Orlando"]
[Black "Quintero Gemio, Antonio Joaquin"]
[Result "0-1"]
[WhiteElo "1385"]
[BlackElo "1705"]
[PlyCount "92"]

1. e4 c6 2. c4 d5 3. exd5 cxd5 4. cxd5 Nf6 5. Nc3 a6 6. d4 g6 7. g3 Bg7 8. Bg2
O-O 9. Nge2 Nbd7 10. Bd2 Nb6 11. b3 Nbxd5 12. Nxd5 Nxd5 13. Bxd5 Qxd5 14. O-O
Bh3 15. Nf4 Qd7 16. Nxh3 Qxh3 17. Re1 e6 18. Bb4 Rfd8 19. Ba5 Rxd4 20. Qf3 Rd5
21. Bc3 Rh5 22. Qg2 Qxg2+ 23. Kxg2 Bxc3 24. Rec1 Bxa1 25. Rxa1 Rc8 26. Kf1 Rxh2
27. Ke2 Rc2+ 28. Ke3 Rhxf2 29. a4 Rg2 30. Kf4 Rb2 31. Ra3 Rgc2 32. g4 Rc3 33.
Ke5 Rcxb3 34. Rxb3 Rxb3 35. Kf6 Rf3+ 36. Ke7 e5 37. Kd7 e4 38. Kc7 Rb3 39. a5
e3 40. g5 e2 41. Kd6 e1=Q 42. Kd7 Qc1 43. Ke7 Rd3 44. Kf6 Qc6+ 45. Ke7 Qd7+ 46.
Kf6 Qe6# 0-1

[Event "Tournoi Skype 029A"]
[Site "Skype"]
[Date "????.??.??"]
[Round "1.19"]
[White "Calcino, Luis"]
[Black "Abate, Leonardo"]
[Result "1-0"]
[WhiteElo "1687"]
[BlackElo "1380"]
[PlyCount "91"]

1. b4 d5 2. Bb2 Nf6 3. Nf3 e6 4. a3 a5 5. b5 c5 6. e3 Nbd7 7. d4 c4 8. Be2 Bd6
9. Nc3 O-O 10. Nd2 e5 11. O-O Re8 12. dxe5 Nxe5 13. Nf3 Be6 14. Qd4 Qc7 15. h3
Ng6 16. Rfd1 Rad8 17. Na4 Bf5 18. Rd2 Re4 19. Qb6 c3 20. Qxc7 Bxc7 21. Nxc3 Re7
22. g4 Be4 23. Rad1 Red7 24. Ng5 Rd6 25. f3 h6 26. Ncxe4 Nxe4 27. fxe4 hxg5 28.
exd5 Bb6 29. Bd4 Bc7 30. Bc5 R6d7 31. d6 Bb8 32. Bb6 Rc8 33. Bxa5 Nf8 34. Kf1
Ne6 35. Bf3 Nd8 36. Bc7 Kf8 37. b6 Nc6 38. Bxc6 bxc6 39. a4 Re8 40. Ke2 Re5 41.
c4 Re8 42. a5 Rc8 43. a6 Bxc7 44. dxc7 Rdxc7 45. bxc7 Rxc7 46. Rd7 1-0

[Event "Tournoi Skype 029A"]
[Site "Skype"]
[Date "????.??.??"]
[Round "1.20"]
[White "Perrone, Gabriel Lorenzo"]
[Black "Garcia Andrinal, Antonio"]
[Result "1/2-1/2"]
[WhiteElo "1377"]
[BlackElo "1679"]
[PlyCount "93"]

1. d4 Nf6 2. c4 e6 3. Nc3 d5 4. Bg5 Nbd7 5. cxd5 exd5 6. Nxd5 Nxd5 7. Bxd8 Bb4+
8. Qd2 Bxd2+ 9. Kxd2 Kxd8 10. Nf3 h6 11. e3 Ke8 12. Be2 N7f6 13. Rac1 Ne4+ 14.
Ke1 Be6 15. a3 Rc8 16. Ne5 c6 17. f3 Nd6 18. Kf2 Rg8 19. Rhd1 g6 20. Nd3 b6 21.
e4 Ne7 22. Nf4 Bd7 23. b4 Kf8 24. Ba6 Rd8 25. Be2 Kg7 26. d5 cxd5 27. Nxd5 Nxd5
28. Rxd5 Be6 29. Rd2 Rc8 30. Rdc2 Rxc2 31. Rxc2 Rc8 32. Rxc8 Nxc8 33. Ke3 Kf6
34. Kf4 g5+ 35. Ke3 Ke5 36. g3 f5 37. f4+ Kf6 38. e5+ Ke7 39. h3 gxf4+ 40. Kxf4
Kf7 41. Bd3 Ne7 42. Ke3 Ng6 43. Kd4 Ne7 44. Ke3 Nd5+ 45. Kf3 Kg6 46. g4 Nf4 47.
Kxf4 1/2-1/2

[Event "Tournoi Skype 029A"]
[Site "Skype"]
[Date "????.??.??"]
[Round "1.21"]
[White "Lucena Vaz, Jose"]
[Black "Carballo, Jorge"]
[Result "1/2-1/2"]
[WhiteElo "1674"]
[BlackElo "1367"]
[PlyCount "69"]

1. c4 e5 2. Nc3 Nf6 3. g3 d5 4. Bg2 dxc4 5. Nf3 Bd6 6. Qa4+ Nc6 7. Qxc4 Be6 8.
Qb5 Rb8 9. O-O O-O 10. Qa4 a6 11. a3 Bd7 12. Qc2 Re8 13. d3 Nd4 14. Nxd4 exd4
15. Ne4 Nxe4 16. Bxe4 c6 17. Re1 Be6 18. Bd2 Be7 19. Bf4 Rc8 20. Qd2 Bf6 21.
Rac1 Bd5 22. Bf5 Be6 23. Be4 Qd7 24. Bg2 Bd5 25. e4 dxe3 26. Rxe3 Bxg2 27. Kxg2
Rxe3 28. Qxe3 Re8 29. Qd2 Qd5+ 30. Kg1 Qf3 31. Be3 Bg5 32. Re1 Bxe3 33. Rxe3
Rxe3 34. Qxe3 Qxe3 35. fxe3 1/2-1/2

[Event "Tournoi Skype 029A"]
[Site "Skype"]
[Date "????.??.??"]
[Round "1.22"]
[White "Gokcek, Cagri"]
[Black "Lambert, Pierre"]
[Result "0-1"]
[WhiteElo "1363"]
[BlackElo "1647"]
[PlyCount "38"]

1. e4 c5 2. Nf3 Nc6 3. d4 cxd4 4. Nxd4 g6 5. Nc3 Bg7 6. Be3 Nf6 7. Be2 O-O 8.
Qd2 d5 9. Nxc6 bxc6 10. O-O-O Qc7 11. exd5 Rd8 12. Bf4 Qb6 13. d6 exd6 14. Bxd6
Ne4 15. Bc5 Nxd2 16. Bxb6 axb6 17. Ne4 Rxa2 18. Nxd2 Ra1+ 19. Nb1 Bh6+ 0-1

[Event "Tournoi Skype 029A"]
[Site "Skype"]
[Date "????.??.??"]
[Round "1.23"]
[White "Mesa Garcia, Angel"]
[Black "Alarcon Alarcon, Florentina"]
[Result "1/2-1/2"]
[WhiteElo "1638"]
[BlackElo "1362"]
[PlyCount "74"]

1. d4 d5 2. Nf3 Nf6 3. e3 e6 4. c4 c6 5. Nbd2 Nbd7 6. cxd5 exd5 7. Bd3 Bd6 8.
O-O h6 9. b3 O-O 10. Bb2 Re8 11. a3 Ne4 12. b4 Ndf6 13. Qc2 Qe7 14. Ne5 Nxd2
15. Qxd2 Qc7 16. f4 Be7 17. Qc2 Bd7 18. Rac1 Bd6 19. Kh1 Rac8 20. Rce1 a5 21.
bxa5 Qxa5 22. Ra1 Qd8 23. a4 c5 24. dxc5 Bxc5 25. Qd2 Ne4 26. Bxe4 dxe4 27.
Qxd7 Qxd7 28. Nxd7 Bxe3 29. a5 Rc2 30. Bc1 Bd4 31. Ra4 Bc3 32. Ne5 Bxe5 33.
Rxe4 Rec8 34. Rxe5 Rxc1 35. Ree1 Rxe1 36. Rxe1 Ra8 37. Ra1 Ra6 1/2-1/2

[Event "Tournoi Skype 029A"]
[Site "Skype"]
[Date "????.??.??"]
[Round "1.24"]
[White "Pasasin, Alejandro"]
[Black "Cuellar Martinez, Jose Gabriel"]
[Result "0-1"]
[WhiteElo "1347"]
[BlackElo "1608"]
[PlyCount "144"]

1. Nf3 d6 2. e4 Nf6 3. d3 Nbd7 4. Nbd2 g6 5. g3 Bg7 6. Bg2 O-O 7. O-O e5 8. Re1
c6 9. c3 Re8 10. Nf1 d5 11. Bg5 dxe4 12. dxe4 Qc7 13. h4 h6 14. Bd2 Nc5 15.
N3h2 Be6 16. b4 Nd3 17. Re3 Nb2 18. Qf3 Nc4 19. Rd3 Nxd2 20. Rxd2 h5 21. Ne3
Nd7 22. g4 hxg4 23. Nhxg4 Nb6 24. Rad1 Rad8 25. Nf6+ Bxf6 26. Qxf6 Rxd2 27.
Rxd2 Nc4 28. Nxc4 Bxc4 29. a3 Qe7 30. Qg5 Kg7 31. Qxe7 Rxe7 32. f3 Kh6 33. Kh2
f5 34. Rd6 f4 35. a4 Kh5 36. Bh3 Bf7 37. Rd8 Kxh4 38. Rh8+ Kg5 39. Bg4 Kf6 40.
Rh6 Be6 41. Kh3 Bxg4+ 42. Kxg4 Rd7 43. b5 cxb5 44. axb5 Rd1 45. Rh2 Rc1 46. Ra2
Rg1+ 47. Kh3 Rg3+ 48. Kh2 Rxf3 49. Rxa7 Rxc3 50. Rxb7 Kg5 51. Rb6 Rg3 52. Re6
Kh4 53. Rxe5 f3 54. Rd5 Rg2+ 55. Kh1 Kh3 56. Rd3 Kg3 57. b6 Rb2 58. Rd1 Rxb6
59. Rg1+ Kf4 60. e5 g5 61. Rf1 f2 62. Rxf2+ Kxe5 63. Kg2 Rb3 64. Rf8 Ke6 65.
Rf1 Rb4 66. Kg3 Ke5 67. Rf2 Rf4 68. Rg2 Kf5 69. Kh3 g4+ 70. Kh4 Rf1 71. Kg3
Rf3+ 72. Kh4 Rh3# 0-1

[Event "Tournoi Skype 029A"]
[Site "Skype"]
[Date "????.??.??"]
[Round "1.25"]
[White "Calderon, Francisco"]
[Black "Pouteau, Pascal"]
[Result "1-0"]
[WhiteElo "1604"]
[BlackElo "1345"]
[PlyCount "61"]

1. e4 c6 2. Nf3 d5 3. exd5 Qxd5 4. Nc3 Qd8 5. Bc4 Nf6 6. O-O Bg4 7. h3 Bh5 8.
d3 e6 9. Be3 Be7 10. Qe2 Nbd7 11. g4 Bg6 12. Rad1 Qc7 13. Nh2 Bd6 14. f4 h5 15.
g5 Nd5 16. Bxd5 cxd5 17. Nb5 Qb8 18. Nxd6+ Qxd6 19. Bd4 O-O 20. a3 Rfe8 21. Qf3
a6 22. Rde1 Nf8 23. Rf2 Rac8 24. c3 Re7 25. Nf1 Nd7 26. Ng3 h4 27. Nh5 Kf8 28.
Bxg7+ Ke8 29. Nf6+ Kd8 30. Nxd7 Qxd7 31. Bf6 1-0

[Event "Tournoi Skype 029A"]
[Site "Skype"]
[Date "????.??.??"]
[Round "1.26"]
[White "Marino, Giuseppe"]
[Black "Teles, Jeferson Lisboa"]
[Result "1/2-1/2"]
[WhiteElo "1339"]
[BlackElo "1599"]
[PlyCount "138"]

1. d4 Nf6 2. Nf3 e6 3. Bf4 d5 4. e3 c6 5. Bd3 Qb6 6. b3 Be7 7. Nbd2 O-O 8. O-O
Nbd7 9. e4 dxe4 10. Nxe4 Nd5 11. Bd2 f5 12. Nc3 N7f6 13. Re1 Nxc3 14. Bxc3 Nd5
15. Bd2 Bb4 16. c4 Bxd2 17. Qxd2 Nf6 18. h3 c5 19. dxc5 Qxc5 20. Re2 b6 21.
Rae1 Qc7 22. Qc2 Qf4 23. Qd2 Qc7 24. Ng5 h6 25. Nxe6 Bxe6 26. Rxe6 Rad8 27. Qc2
Qf4 28. R6e3 Ne4 29. Bxe4 fxe4 30. Rxe4 Rd2 31. Rxf4 Rxc2 32. Rxf8+ Kxf8 33.
Ra1 a5 34. Kf1 a4 35. g4 axb3 36. axb3 Rc3 37. Ra8+ Kf7 38. Rb8 Rxb3 39. c5 b5
40. c6 Rc3 41. Rb7+ Kg6 42. c7 b4 43. Rxb4 Rxc7 44. Rb5 Rc6 45. Kg2 Rc4 46. Kg3
Kh7 47. Rf5 Rc3+ 48. Rf3 Rc5 49. Kh4 g6 50. Kg3 Kg7 51. Re3 g5 52. h4 Rc1 53.
hxg5 hxg5 54. Kg2 Rc4 55. f3 Rf4 56. Re4 Rf6 57. Kg3 Kg6 58. f4 gxf4+ 59. Rxf4
Kg5 60. Rxf6 Kxf6 61. Kf4 Kg6 62. g5 Kg7 63. Kf5 Kf7 64. g6+ Kg7 65. Kg5 Kg8
66. Kh6 Kh8 67. Kg5 Kg8 68. Kf6 Kf8 69. g7+ Kg8 1/2-1/2

[Event "Tournoi Skype 029A"]
[Site "Skype"]
[Date "????.??.??"]
[Round "1.28"]
[White "Le Brun, Yves"]
[Black "Barrios Chamorro, Jesus Adrian"]
[Result "0-1"]
[WhiteElo "1335"]
[BlackElo "1589"]
[PlyCount "70"]

1. Nf3 d5 2. d4 c6 3. g3 Bg4 4. Bg2 Nf6 5. Nbd2 Nbd7 6. c4 Bxf3 7. Bxf3 e6 8.
O-O dxc4 9. Nxc4 Be7 10. e4 O-O 11. Bf4 Nb6 12. b3 c5 13. dxc5 Bxc5 14. Qxd8
Rfxd8 15. Rad1 Rac8 16. Nxb6 Bxb6 17. Bg5 e5 18. Bxf6 gxf6 19. Bg4 Rxd1 20.
Bxc8 Rd2 21. Bxb7 Rxa2 22. Bd5 Rb2 23. Kg2 Bd4 24. g4 Kg7 25. Kg3 Rc2 26. f4
exf4+ 27. Kh3 Be5 28. Rf3 Kg6 29. Bc4 Rb2 30. Bd5 Re2 31. Bc4 Re3 32. Rxe3 fxe3
33. Kg2 Kg5 34. h3 Kf4 35. Bxf7 Kxe4 0-1

[Event "Tournoi Skype 029A"]
[Site "Skype"]
[Date "????.??.??"]
[Round "1.29"]
[White "Gungor, Gokhan"]
[Black "Frances, Carlos Alberto"]
[Result "1-0"]
[WhiteElo "1579"]
[BlackElo "1324"]
[PlyCount "97"]

1. e4 c5 2. Nf3 e6 3. d4 cxd4 4. Nxd4 a6 5. Nc3 Qc7 6. Bd3 Bc5 7. Nb3 Be7 8.
O-O Nf6 9. Re1 d6 10. Re3 Nbd7 11. Rg3 O-O 12. Bh6 g6 13. Bxf8 Bxf8 14. f4 b5
15. f5 Ne5 16. fxg6 fxg6 17. Qd2 Bb7 18. Kh1 Rd8 19. Nd4 Qe7 20. Qg5 Bc8 21.
Rf1 Bg7 22. Nf3 Nf7 23. Qe3 e5 24. Nd2 Bh6 25. Qf2 Bf4 26. Rf3 Ng4 27. Qe1 Qg5
28. h3 Ne3 29. Rxe3 Bxe3 30. Nf3 Qh6 31. Nd5 Bf4 32. Ng1 Qg5 33. Rf3 Qh6 34.
Qa5 Rd7 35. Nf6+ Kg7 36. Nxd7 Bxd7 37. Qxa6 Bg4 38. Rf1 Qh4 39. Qxb5 Qg3 40.
Rxf4 exf4 41. hxg4 Qh4+ 42. Nh3 f3 43. Kg1 Qxg4 44. Bf1 Qxe4 45. Qd3 Qe1 46.
Qxf3 Ne5 47. Qf2 Qb1 48. Ng5 Qxb2 49. Ne6+ 1-0

[Event "Tournoi Skype 029A"]
[Site "Skype"]
[Date "????.??.??"]
[Round "1.30"]
[White "Sepulveda, Lyda Marcela"]
[Black "Alvarez, Juan Evangelista"]
[Result "1/2-1/2"]
[WhiteElo "1306"]
[BlackElo "1575"]
[PlyCount "94"]

1. e4 Nf6 2. e5 Nd5 3. d4 d6 4. Nf3 Bf5 5. Bc4 Nb6 6. Bb3 dxe5 7. Nxe5 e6 8.
O-O N8d7 9. Nf3 Qe7 10. Bf4 O-O-O 11. Nc3 e5 12. Nxe5 Nxe5 13. Bxe5 f6 14. Qf3
fxe5 15. Qxf5+ Kb8 16. Qxe5 Qb4 17. Nb5 Bd6 18. Nxd6 Nd7 19. Qd5 cxd6 20. c3
Qb6 21. Rfe1 Nf6 22. Qg5 Qc7 23. Re2 a5 24. Rae1 Rhe8 25. Rxe8 Rxe8 26. Rxe8+
Nxe8 27. Qf5 Qe7 28. Kf1 Nf6 29. f3 Qe3 30. Qc2 g5 31. Qe2 Qc1+ 32. Kf2 g4 33.
Bf7 a4 34. Be6 g3+ 35. hxg3 Qg5 36. Qc4 Qd2+ 37. Qe2 Qg5 38. Bh3 h5 39. f4 Qg6
40. a3 d5 41. Qe5+ Ka7 42. Kg1 Ne4 43. Qxd5 Nxg3 44. Qa5+ Kb8 45. Kh2 Nf1+ 46.
Kg1 Qb1 47. Qe5+ Ka7 1/2-1/2

[Event "Tournoi Skype 029A"]
[Site "Skype"]
[Date "????.??.??"]
[Round "1.31"]
[White "Lovell, Stan"]
[Black "Kruk, Clementine"]
[Result "1-0"]
[WhiteElo "1575"]
[BlackElo "1293"]
[PlyCount "91"]

1. e4 e5 2. Bc4 Nf6 3. d4 exd4 4. Nf3 Nc6 5. O-O Bc5 6. e5 d5 7. exf6 dxc4 8.
fxg7 Rg8 9. Qe2+ Be6 10. Bg5 Qd5 11. Bf6 Be7 12. Bxe7 Nxe7 13. Nbd2 O-O-O 14.
Rfd1 Rxg7 15. Qe5 Rdg8 16. g3 Nc6 17. Qxd5 Bxd5 18. Nh4 Rg4 19. Ng2 f5 20. h3
R4g5 21. Nf4 Be4 22. Rac1 Ne5 23. Ne6 Nf3+ 24. Nxf3 Bxf3 25. Rxd4 R5g6 26. Nf4
Rc6 27. c3 b5 28. Re1 Rd8 29. Ne6 Rxd4 30. Nxd4 Rh6 31. Nxf3 Rxh3 32. Kg2 Rh6
33. Re5 f4 34. Rxb5 fxg3 35. fxg3 Rb6 36. Rxb6 cxb6 37. g4 Kd8 38. Kf2 Ke7 39.
Ke3 Kd6 40. Kd4 b5 41. Ng5 h5 42. gxh5 Ke7 43. h6 Kf8 44. Kc5 a6 45. Kb6 Kg8
46. Kxa6 1-0

[Event "Tournoi Skype 029A"]
[Site "Skype"]
[Date "????.??.??"]
[Round "1.32"]
[White "Sauvaget, Joel"]
[Black "Cayllahua, Braulio Idme"]
[Result "0-1"]
[WhiteElo "1290"]
[BlackElo "1569"]
[PlyCount "86"]

1. d4 d5 2. c4 c6 3. Bf4 Nf6 4. h3 e6 5. e3 Bd6 6. Bxd6 Qxd6 7. Nf3 Qb4+ 8. Qd2
Qb6 9. Nc3 dxc4 10. Bxc4 Nd5 11. Nxd5 cxd5 12. Bb3 Nd7 13. O-O Nf6 14. Qd3 Bd7
15. Rfc1 O-O 16. Ne5 Bb5 17. Qd1 Rfc8 18. Rxc8+ Rxc8 19. Rc1 Qd8 20. Rc2 Ne4
21. Qc1 Rxc2 22. Qxc2 Nd6 23. a3 h6 24. Ba2 Qc8 25. Qxc8+ Nxc8 26. Bb1 Kf8 27.
g3 Ke7 28. Kg2 Nd6 29. h4 Bc4 30. Bc2 Be2 31. Bd3 Bxd3 32. Nxd3 Nc4 33. b3 Nxa3
34. Nc5 b6 35. Nd3 f6 36. b4 Nc2 37. Kf3 Kd6 38. Kg4 g6 39. h5 g5 40. Kf3 Kc6
41. Ke2 Kb5 42. Kd2 Nxb4 43. Nxb4 Kxb4 0-1